« Retourner aux résultats de recherche
Stella
roman
| Auteur principal: | Piergiorgio Pulixi Auteur du texte |
|---|---|
| D'autres auteurs: | Anatole Pons-Reumaux Traducteur |
| Support: | Livres |
| Langue: | Francais |
| Publié: |
2025 Editions Gallmeister Paris |
| Genre: |
Roman Policier |
| Sujets: | |
| Étiquettes: |
Ajouter
Pas de Tags !
|
| LEADER | 01633nam0a2200205 450 | ||
|---|---|---|---|
| 001 | 16846658 | ||
| 010 | |a 978-2-35178-366-5 |d 25,9 | ||
| 100 | |a 20250506d2025 u u0frey01 ba | ||
| 101 | 0 | |a fre | |
| 102 | |a FR | ||
| 200 | 0 | |a Stella |e roman | |
| 207 | 1 | |a | |
| 210 | |a Paris |c Editions Gallmeister |d 2025 | ||
| 215 | |a 1 vol. (563 p.) |d 21 cm | ||
| 330 | |a Traduit de l italien par Anatole Pons-ReumauxCertains lieux sont maudits. Et les gens qui y vivent, condamnés à un destin cruel. A dix-sept ans, Stella est une jeune femme libre et débordante de vie. Aussi splendide que farouche, elle ne laisse personne indifférent. Tout le monde à Sant Elia, quartier popu - laire de Cagliari, la connaît, la désire et l envie. Mais un jour où le mistral se déchaîne, elle est retrouvée morte et mutilée sur une plage. Stella s apprêtait à laisser derrière elle Sant Elia et sa corruption, mais son assassin en a décidé autrement. D emblée, l affaire s annonce difficile. Eva et Mara s attèlent à fouiller un quartier réputé impéné - trable, tandis que Strega, plus que jamais en proie aux fantômes de son passé, se jette à corps perdu dans l enquête. Au risque de briser le subtil équilibre de son équipe.Fatalité, justice, vengeance. Piergiorgio Pulixi nous plonge dans une nouvelle enquête aux accents de tragédie antique. | ||
| 700 | 0 | |a Pulixi |b Piergiorgio |c Auteur du texte |f 1982-.... |4 70 | |
| 702 | 0 | |a Pons-Reumaux |b Anatole |c Traducteur |f 1987-.... |4 70 | |
| 900 | |a Roman Policier | ||
| 901 | |a Accessible au prêt | ||
| 995 | |a Bibliothèque |c Bibliothèque |f 024025500 |h 024025500 |k RP PUL |o p |q a |r az |e Bibliothèque | ||
